1906 1753 1438 1122 1511 1944 1783 1342 1986 1300 1611 1345 1128 1350 1919 1145 1772 1499 1597 1510 1646 1560 1412 1764 1078 1072 1518 1751 1189 1910 1645 1934 1952 1627 1054 1657 1591 1128 1118 1402 1957 1887 1894 1119 1739 1191 1083 1802 1557 1585 1566 1310 1458 1161 1331 1774 1038 1762 1298 1013 1911 1422 1330 1029 1652 1498 1856 1375 1247 1891 1099 1867 1325 1068 1511 1661 1287 1415 1306 1504 1058 1175 1810 1227 1086 1636 1783 1322 1132 1731 1473 1064 1474 1378 1924 1738 1884 1896 1465 BCNSPRNW ULIB Ver.6.0+V

เปลี่ยนเป็นภาษาไทย

Change to English
 แสดงรายละเอียดบรรณานุกรม
  กลับหน้าหลัก

Brief Record : Get Marc (ISO 2709) : E-mail record : QR code < ปิดหน้าต่าง
LEADER : 00000nam 2200000uu 4500
001    13399111856
003     ULIB
008    110711s||||||||th 000 0 tha d
020    9789740475002
050  4 BF698^bศ272ท 2554
100 0  ศรีเรือน แก้วกังวาล
245 10 ทฤษฎีจิตวิทยาบุคลิกภาพ :^bรู้เรา รู้เขา /^cศรีเรือน แก้วกังวาล
246 30 รู้เรา รู้เขา
250    พิมพ์ครั้งที่ 16 (แก้ไขปรับปรุง)
260    กรุงเทพฯ :^bหมอชาวบ้าน,^c2554
300    554 หน้า :^bภาพประกอบ ;^c21 ซม.
504    มีบรรณานุกรมและดัชนี
650  7 การปรับตัว (จิตวิทยา)
650  7 บุคลิกภาพ^xจิตวิทยา
650  7 การดำเนินชีวิต
650  7 จิตวิทยา
650  7 บุคลิกภาพ
945    ^p350^l0^i18315
945    ^p350^l0^i18316
945    ^p350^l0^i18317
995    กัณชพร
999    ^aใช้งานได้ทุกระบบ
รายการนี้ยังไม่มีแท็ก
คุณยังไม่ได้ล็อกอิน คุณสามารถมีกิจกรรมร่วมกับเว็บไซต์ได้ แต่ต้องล็อกอินก่อน ::
  ล็อกอิน

รายการสื่อสารสนเทศ

ลำดับที่ ประเภท เลขเรียก/บาร์โค้ด สถานที่ สถานะ
1. การศึกษาทั่วไป
การศึกษาทั่วไป
สถานะ=หนังสือเก่า
BF698 ศ272ท 2554 ฉ.3 
  Barcode: 18317
ห้องสมุดวิทยาเขตสวรรค์ประชารักษ์
►หนังสือทั่วไป
บนชั้น

รายการใกล้เคียง
    ผู้แต่ง [ศรีเรือน แก้วกังวาล]

    หัวเรื่อง [การปรับตัว (จิตวิทยา)]
    หัวเรื่อง [การดำเนินชีวิต]
    หัวเรื่อง [จิตวิทยา]
    หัวเรื่อง [บุคลิกภาพ]

BibComment


ยังไม่เคยถูกคอมเมนท์

คอมเมนท์ทรัพยากรรายการนี้
  คอมเมนท์: ทฤษฎีจิตวิทยาบุคล..


 Copyright 2026. Bcnsprnw @Library